00218nam a22000857a 4500082001500000245006600015260002600081300000900107650001600116 a664.02 FOO aTraining Seminar on Food safety for food processing Industry  aColombobIchemcc2003 a87 p afood safety